Escola d'Alts Estudis Comercials : programa dels ensenyaments programa dels ensenyaments
Descripción Física:
50 p. ; 22 cm
MARC
| LEADER | 00000nam a2200000Ia 4500 | ||
|---|---|---|---|
| 001 | 8259 | ||
| 003 | BGR | ||
| 005 | 20260417122408.0 | ||
| 008 | 160829s9999 xx 000 0 cat d | ||
| 080 | |a M-3-368 | ||
| 110 | 2 | |a Escola d'Alts Estudis Comercials (Barcelona) |9 70771 | |
| 245 | |a Escola d'Alts Estudis Comercials : |b programa dels ensenyaments | ||
| 260 | |a Barcelona : |b Mancomunitat de Catalunya. Departament d'Instrucció Pública, [19-- ?] | ||
| 300 | |a 50 p. ; |c 22 cm | ||
| 650 | |a Escola d'Alts Estudis Comercials (Barcelona) |x Currículums |9 38128 | ||
| 710 | 2 | |a Escola Industrial de Barcelona |9 54682 | |
| 710 | 2 | |a Catalunya. |b Mancomunitat |b Departament d'Instrucció Pública |9 53015 | |
| 856 | 4 | |u https://media.diba.cat/diba/fitxers/arxiu/mancomunitat/bib_8259_baixa.pdf |y Accés lliure | |
| 900 | |a bib_8259_baixa.pdf | ||
| 901 | |a Arxiu | ||
| 942 | |n 1 |2 udc |c MON | ||
| 952 | |0 0 |1 0 |4 0 |6 M3368 |7 1 |9 48656 |a Arxiu |b Arxiu |d 2016-12-01 |l 0 |o M-3-368 |p 8259 |r 2016-12-01 00:00:00 |w 2016-12-01 |y ARXIU | ||
| 999 | |c 52486 |d 52486 | ||